The issue with preconditions (Record no. 84664)

MARC details
000 -LEADER
fixed length control field 00791cab a22001935a 4500
001 - CONTROL NUMBER
control field L158709
008 - FIXED-LENGTH DATA ELEMENTS--GENERAL INFORMATION
fixed length control field 150626e20150606xxk 000 0 eng d
035 ## - SYSTEM CONTROL NUMBER
System control number (Sirsi) u158709
041 0# - LANGUAGE CODE
Language code of text/sound track or separate title eng
100 1# - MAIN ENTRY--PERSONAL NAME
Personal name Kirsch, Gemma
245 04 - TITLE STATEMENT
Title The issue with preconditions
260 ## - PUBLICATION, DISTRIBUTION, ETC.
Date of publication, distribution, etc. 2015
490 ## - SERIES STATEMENT
Series statement Estates Gazette
Volume/sequential designation (1522) 6 June 2015, 70-71(2)
520 ## - SUMMARY, ETC.
Summary, etc. Discusses options for tenants when faced with preconditions to underletting and includes relevant case law. Examines the ways tenants have tried to circumvent lease preconditions such as staying silent when faced with a change of lease provisions and entering into a separate collateral agreement to vary the terms of a lease.
590 ## - LOCAL NOTE (RLIN)
Local note KA
651 #4 - SUBJECT ADDED ENTRY--GEOGRAPHIC NAME
Geographic name United Kingdom
690 ## - LOCAL SUBJECT ADDED ENTRY--TOPICAL TERM (OCLC, RLIN)
Topical term or geographic name as entry element Landlord and tenant
9 (RLIN) 6252
942 ## - ADDED ENTRY ELEMENTS (KOHA)
Suppress in OPAC 0
Holdings
Withdrawn status Lost status Source of classification or shelving scheme Damaged status Not for loan Home library Current library Shelving location Date acquired Total Checkouts Full call number Barcode Date last seen Copy number Price effective from Koha item type
    Dewey Decimal Classification     London London Journal article 26/06/2015   L158709 158709-1001 06/08/2019 1 06/08/2019 Journal article